000 00747nam a2200217Ia 4500
005 20241129111415.0
008 241129s9999||||xx |||||||||||||| ||und||
020 _a978-93-85450-05-1
037 _aTB
040 _aCRL
_bhin
_cCRL
041 _ahin
_2hin
084 _aO152,6:g R3
_qCRL
100 _aजायसवाल, दीपक, ले.
245 0 _aहिन्दी गद्य की परम्परा और परिदृश्य
_cजायसवाल, दीपक, ले.
260 _aदिल्ली, भारत
_bअनन्य प्रकाशन
_c2023
300 _a144पृ0
365 _aINR
_b395
650 _aHindi Prose
942 _cTB
_hO152,6:g R3
999 _c1230326
_d1230326